Регионална библиотека "Любен Каравелов" - Русе

Кореспонденция и деловодство на потребителната кооперация (Запис номер 413322)

MARC детайли
000 -Лидер
Контролно поле с фиксирана дължина nam a22 a 4500
003 - Код на организацията, давaща контролен номер
Контролно поле BLK
005 - Дата и час на последна редакция
Контролно поле 20221208031057.0
008 - Елементи от данни с фиксирана дължина
fixed length control field 210511b bu |||||r|||| 00| | bu d
040 ## - Източник на каталожния запис
Идентификатор на билиотеката - собственик на записа BLK
041 ## - Код за език
Код за езика на текст/звукозапис или на отделно заглавие Български
Код за езика КДБФ Български
080 ## - УДК
Текстов определител УДК Селско стопанство. Горско стопанство. Лов. Рибно стопанство
УДК код - определител по УДК 63
УДК определител (075)
УДК - код + определител 63(075)
080 ## - УДК
Текстов определител УДК Канцеларски работи. Деловодство. Секретарска работа - Съхраняване на служебни документи, кореспонденция, картотеки
УДК код - определител по УДК 005.912
УДК определител (075)
УДК - код + определител 005.912(075)
100 ## - Редна дума - Автор
R(LIN) 1299
Автор Кръстев, Стефан В.
Авторска отговорност първи автор
139 ## - Редно поле
Редна дума Кръстев, Стефан В. и др.
245 ## - Сведения за заглавието
Заглавие Кореспонденция и деловодство на потребителната кооперация
Подзаглавни данни Учебник за школите и курсовите при Центр. кооп. съюз
Редно поле (дума) Стефан Кръстев, Димитрана Иванова, Петър Цанев
260 ## - Област на издателските данни
9 (RLIN) 216701
Място на издаване, разпространение и проч. София
Име на издателя, разпространителя и проч. ЦКС
Година на издаване 1955
300 ## - Физическа характеристика
Страници 176 с.
Размери/Мащаб 22 см
380 ## - Жанр
Жанр Селско стопанство
650 #0 - Допълнително описание по предмет – тема
9 (RLIN) 335791
Основно описание – тема или топоним Кооперации, потребителни
650 #7 - Допълнително описание по предмет – тема
9 (RLIN) 159464
Основно описание – тема или топоним Кореспонденция
650 #7 - Допълнително описание по предмет – тема
9 (RLIN) 152956
Основно описание – тема или топоним Деловодство
700 ## - Други автори (авторска отговорност)
Лично име Иванова, Димитрана
Автороска отговорност (Описва отношението между автора и произведението) съавт.
9 (RLIN) 1445
700 ## - Други автори (авторска отговорност)
Лично име Цанев, Петър
Автороска отговорност (Описва отношението между автора и произведението) съавт.
9 (RLIN) 1445
852 ## - Местоположение
Форматна сигнатура Цб 6.220.46939
Фондова буква Основен фонд - ползва се само за читалня
999 ## - СИСТЕМНИ КОНТРОЛНИ НОМЕРА
Koha biblionumber 413322
Koha biblioitemnumber 413322
942 ## - АРТИКУЛИ
Вид на библиотечния материал Книги
Скрит в OPAC Не
Периодичен библиозапис Да
944 ## - СЪЗДАВАНЕ И РЕДАКЦИЯ на ЗАПИСА
Създаване/Редакция Създаване
Дата на регистрацията/редакция 2021-05-11
Служител, извършил регистрацията/редакцията ВЙ
Наличности
Код за отписване Код за изгубен артикул Източник на класификационната схема Код за повреда Коз за рестрикции Код за отдаване Артикулен № Име на библиотеката - собственик Име на библиотеката, в която се намира в момента Статус (Текущо местоположение) Дата на вписване в системата Местоположение - отдел Цена в лева Инвентарен номер Систематично азбучна сигнатура Баркод Цена в евро Служебен тип на артикула
  Не е изгубен Universal Decimal Classification Не е повреден само за читалня ползва се в читалня 829244 Регионална библиотека "Любен Каравелов" Русе Регионална библиотека "Любен Каравелов" Русе Хранилище 2021-05-12 Основен фонд - ползва се само за читалня 0.44 8561/55 Цб 6.220.46939 900000059954 0.22 Книги
Vip Innovations Ltd, Rousse, Bulgaria 2025